5HLuxD.jpg

KING HENRY VIII SENIOR AND PRIMARY SCHOOL LIBRARY OPAC

Grassland biomes / (Record no. 1445)

000 -LEADER
fixed length control field 01769cam a2200397 i 4500
001 - CONTROL NUMBER
control field 20132802
003 - CONTROL NUMBER IDENTIFIER
control field OSt
005 - DATE AND TIME OF LATEST TRANSACTION
control field 20221229153231.0
008 - FIXED-LENGTH DATA ELEMENTS--GENERAL INFORMATION
fixed length control field 171107t20182018nyuab j b 001 0 eng c
010 ## - LIBRARY OF CONGRESS CONTROL NUMBER
LC control number 2017051157
020 ## - INTERNATIONAL STANDARD BOOK NUMBER
International Standard Book Number 9780778741237 (pbk.)
040 ## - CATALOGING SOURCE
Original cataloging agency NJQ/DLC
Language of cataloging eng
Transcribing agency NJQ
Description conventions rda
Modifying agency DLC
-- KH8
042 ## - AUTHENTICATION CODE
Authentication code pcc
082 04 - DEWEY DECIMAL CLASSIFICATION NUMBER
Classification number 577.4 SPI
Edition number 23
100 1# - MAIN ENTRY--PERSONAL NAME
Personal name Spilsbury, Louise,
Relator term author.
245 10 - TITLE STATEMENT
Title Grassland biomes /
Statement of responsibility, etc. Louise and Richard Spilsbury.
264 #1 - PRODUCTION, PUBLICATION, DISTRIBUTION, MANUFACTURE, AND COPYRIGHT NOTICE
Place of production, publication, distribution, manufacture New York, New York :
Name of producer, publisher, distributor, manufacturer Crabtree Publishing Company,
Date of production, publication, distribution, manufacture, or copyright notice 2018.
300 ## - PHYSICAL DESCRIPTION
Extent 32 pages :
Other physical details color illustrations, color maps ;
Dimensions 29 cm.
336 ## - CONTENT TYPE
Content type term text
Source rdacontent
337 ## - MEDIA TYPE
Media type term unmediated
Source rdamedia
338 ## - CARRIER TYPE
Carrier type term volume
Source rdacarrier
490 0# - SERIES STATEMENT
Series statement Earth's natural biomes
500 ## - GENERAL NOTE
General note "First published in 2017 by Wayland."
504 ## - BIBLIOGRAPHY, ETC. NOTE
Bibliography, etc. note Includes bibliographical references and index.
520 ## - SUMMARY, ETC.
Summary, etc. "This engaging book gives readers core information about grassland biomes on prairies, steppes, pampas, and savannahs. Find out where each kind is found, how animals and plants have adapted to life on open grassland, who lives in these environments, and how humans impact life there."--
Assigning source Provided by publisher.
521 1# - TARGET AUDIENCE NOTE
Target audience note Ages 8-11.
521 2# - TARGET AUDIENCE NOTE
Target audience note Grades 4 to 6.
650 #0 - SUBJECT ADDED ENTRY--TOPICAL TERM
Topical term or geographic name entry element Grassland ecology
Form subdivision Juvenile literature.
650 #0 - SUBJECT ADDED ENTRY--TOPICAL TERM
Topical term or geographic name entry element Grasslands
Form subdivision Juvenile literature.
650 #0 - SUBJECT ADDED ENTRY--TOPICAL TERM
Topical term or geographic name entry element Grassland conservation
Form subdivision Juvenile literature.
700 1# - ADDED ENTRY--PERSONAL NAME
Personal name Spilsbury, Richard,
Dates associated with a name 1963-
Relator term author.
776 08 - ADDITIONAL PHYSICAL FORM ENTRY
Relationship information Online version:
Main entry heading Spilsbury, Louise, author.
Title Grassland biomes
Place, publisher, and date of publication New York, New York : Crabtree Publishing Company, 2018
International Standard Book Number 9781427120052
Record control number (DLC) 2017053955
906 ## - LOCAL DATA ELEMENT F, LDF (RLIN)
a 7
b cbc
c orignew
d 1
e ecip
f 20
g y-gencatlg
942 ## - ADDED ENTRY ELEMENTS (KOHA)
Source of classification or shelving scheme
Koha item type Books - Non Ficton
Holdings
Withdrawn status Lost status Source of classification or shelving scheme Damaged status Not for loan Collection code Permanent Location Current Location Shelving location Date acquired Total Checkouts Full call number Barcode Date last seen Date last checked out Price effective from Koha item type
          Non-Fiction KH8 Primary School Library KH8 Primary School Library Non Fiction 2022-12-29 18 577.4 SPI KHPL000003224 2025-12-05 2025-09-11 2022-12-29 Books - Non Ficton

Powered By KH8 IT Dept